Conducción estratégica para la evaluación de proyectos de inversión (Registro nro. 794)

Detalles MARC
000 -LEADER
fixed length control field 01492 a2200241 4500
001 - CONTROL NUMBER
control field 21245
003 - CONTROL NUMBER IDENTIFIER
control field AR-UNSa-BCEJYS
005 - DATE AND TIME OF LATEST TRANSACTION
control field 20260526141035.0
008 - FIXED-LENGTH DATA ELEMENTS--GENERAL INFORMATION
fixed length control field 260407a2011 arg spa d
020 ## - INTERNATIONAL STANDARD BOOK NUMBER
International Standard Book Number 978-987-660-085-9
040 ## - CATALOGING SOURCE
Original cataloging agency AR-UNSa-BCEJYS
Language of cataloging spa
Transcribing agency AR-UNSa-BCEJYS
041 ## - LANGUAGE CODE
Language code of text/sound track or separate title spa
080 ## - UNIVERSAL DECIMAL CLASSIFICATION NUMBER
Universal Decimal Classification number 658.16
Common auxiliary subdivision Reorganización financiera (Proyectos de inversión)
100 1# - MAIN ENTRY--PERSONAL NAME
Personal name Tapia, Gustavo N.
245 10 - TITLE STATEMENT
Title Conducción estratégica para la evaluación de proyectos de inversión
Name of part/section of a work evaluación comercial de proyectos
264 #1 - PRODUCTION, PUBLICATION, DISTRIBUTION, MANUFACTURE, AND COPYRIGHT NOTICE
Place of production, publication, distribution, manufacture Buenos Aires :
Name of producer, publisher, distributor, manufacturer EDICON (Fondo Editorial Consejo)
Date of production, publication, distribution, manufacture, or copyright notice 2011
300 ## - PHYSICAL DESCRIPTION
Extent 456 p.
Dimensions 28 cm.
505 ## - FORMATTED CONTENTS NOTE
Formatted contents note 1. Análisis estratégico de las decisiones de inversión - 2. Presentación y elaboración de proyectos - 3. Etapas y gestión - 4. Rentabilidad comercial - 5. Rentabilidad comercial - 6. Temáticas específicas vinculadas a proyectos de inversión y flujo de fondos - 7. Escenarios y sensibilidad - 8. Casos de aplicación sobre escenarios - 9. Financiación de proyectos de inversión - 10. Financiación de proyectos. Ejercicios y casos de aplicación - 11. Los enfoques de valuación de empresas - 12. Valuación por múltiplos - 13. Aspectos sobre rentabilidad social en los proyectos de inversión - 14. Plan de negocios - 15. Epílogo
590 ## - LOCAL NOTE (RLIN)
Local note niveau_biblio:m niveau_hierar:0
700 1# - ADDED ENTRY--PERSONAL NAME
Personal name Aire, Carlos
856 41 - ELECTRONIC LOCATION AND ACCESS
Uniform Resource Identifier <a href="https://www.biblioeco.unsa.edu.ar/pmb/images/libros/L119255.jpg">https://www.biblioeco.unsa.edu.ar/pmb/images/libros/L119255.jpg</a>
Link text Imagen de portada
Electronic format type image/jpeg
942 ## - ADDED ENTRY ELEMENTS (KOHA)
Koha item type
Source of classification or shelving scheme Dewey Decimal Classification
Existencias
Withdrawn status Lost status Damaged status Not for loan Home library Current library Shelving location Date acquired Total checkouts Full call number Barcode Date last seen Price effective from Koha item type
        Biblioteca Prof. Eusebio Cleto del Rey Biblioteca Prof. Eusebio Cleto del Rey   07/04/2026   658.16 T172 L119253 07/04/2026 07/04/2026 Libro
        Biblioteca Prof. Eusebio Cleto del Rey Biblioteca Prof. Eusebio Cleto del Rey   07/04/2026   658.16 T172 L119254 07/04/2026 07/04/2026 Libro
        Biblioteca Prof. Eusebio Cleto del Rey Biblioteca Prof. Eusebio Cleto del Rey   07/04/2026   658.16 T172 L119255 07/04/2026 07/04/2026 Libro
        Biblioteca Prof. Eusebio Cleto del Rey Biblioteca Prof. Eusebio Cleto del Rey   07/04/2026   658.16 T172 L119559 07/04/2026 07/04/2026 Libro